The first epistle of Paul to the Corinthians (Record no. 43559)

MARC details
000 -LEADER
fixed length control field 00525nam a2200145 a 4500
008 - FIXED-LENGTH DATA ELEMENTS--GENERAL INFORMATION
fixed length control field 120416s1958 ||||||||||||||||| || u
050 ## - LIBRARY OF CONGRESS CALL NUMBER
Classification number BS 2675 Mor
100 ## - MAIN ENTRY--PERSONAL NAME
Personal name Morris, Canon Leon, Rev
245 14 - TITLE STATEMENT
Title The first epistle of Paul to the Corinthians
246 ## - VARYING FORM OF TITLE
Title proper/short title an introduction and commentary
260 ## - PUBLICATION, DISTRIBUTION, ETC.
Place of publication, distribution, etc. London
Name of publisher, distributor, etc. The Tyndale Press
Date of publication, distribution, etc. 1958
300 ## - PHYSICAL DESCRIPTION
Extent 249p.
350 ## - PRICE (NR) (BK AM CF MU VM SE) [OBSOLETE]
Price 0.00
995 ## - RECOMMENDATION 995 [LOCAL, UNIMARC FRANCE]
-- 0.00
-- CBU-MAIN LIBRARY (Kitwe)
-- 1
-- 4.75
-- DAMAGED
-- Main Library Open Access Collection
Holdings
Withdrawn status Lost status Source of classification or shelving scheme Damaged status Not for loan Home library Current library Shelving location Date acquired Total Checkouts Full call number Barcode Date last seen Price effective from Koha item type
          CBU-MAIN LIBRARY, KITWE. CBU-MAIN LIBRARY, KITWE.   11/30/2022   BS 2675 Mor 001164 11/30/2022 11/30/2022 MONOGRAPH